LEADER 01243nam a2200277 i 4500 001 000000241743 003 CaOOAMICUS 005 20241127145607.0 008 150514s1817 fr u000 u fre u 013 $a220648 026 $ae;n, arm- dea- miad (7) 1817 (R) 040 $aSeMil$bita 100 1 $aCarron, Guy Toussaint Julien,$d<1760-1821>.$0(OLS)http://semarc/name/14701 245 12$aL'art de rendre heureux tout ce qui nous entoure, ou Petit traité sur le caractère; par l'abbé Carron. 250 $aSeconde édition. 264 1$aParis :$bH. Nicolle ;$aLille :$bVanackere,$c1817. 300 $a322 p., [1] c. di tav. :$bill. ;$c15 cm. 650 4$aVita cristiana - Meditazioni.$0(OLS)http://semarc/subject/1353 850 $aSeMil 852 $aSeMil$W1$xVenegono$y1$m3F I 221 FA$j192089$B192089$CSeMilBibl$Z2$F202892 $8I 941 1 $a10 961 $aRecupero: Mantegazza 996 $6245$aL'art de rendre heureux tout ce qui nous entoure, ou Petit traité sur le caractère; par l'abbé Carron$9(OLS)http://semarc/title/343516 996 $6264$aParis :$bH. Nicolle$9(OLS)http://semarc/publisher/54626 996 $6264$aLille :$bVanackere$9(OLS)http://semarc/publisher/54627 LEADER 01116nam a2200265 i 4500 001 000000107784 003 CaOOAMICUS 005 20170116000000.0 008 170116s1970 it u000 u ita u 013 $a80259 040 $aSeMil$bita 100 1 $aPhilippot, Paul.$0(OLS)http://semarc/name/92845 245 10$aPittura fiamminga e Rinascimento italiano /$cPaul Philippot ; Traduzione di Paola Argan. 260 $aTorino :$bGiulio Einaudi,$c1970. 300 $aXXII, 273 p. :$bill. ;$c22 cm. 490 0 $aSaggi ;$v456 650 4$aPittura fiamminga - Pittura italiana - Sec. 15.$0(OLS)http://semarc/subject/23444 650 4$aRinascimento - Italia.$0(OLS)http://semarc/subject/2972 700 1 $aArgan, Paola.$0(OLS)http://semarc/name/92846 830 0$aSaggi ;$v456.$0(OLS)http://semarc/title/341 850 $aSeMil 852 $aSeMil$W1$xVenegono$y1$m5X VI 72$j63880$B63880$CSeMilBibl$Z2$F217019 $81 961 $aOmaggio: Altro 996 $6245$aPittura fiamminga e Rinascimento italiano$9(OLS)http://semarc/title/407219 996 $6260$aTorino :$bGiulio Einaudi$9(OLS)http://semarc/publisher/29810